01935nam a2200349 a 4500001001200000003000800012006001900020007001500039008004100054010001700095020001500112040002100127035002000148050002600168082002400194110014500218245033000363246006900693260005600762300002300818490002300841504005400864533015200918610011301070650006601183650006301249650006301312655002901375710001701404830003801421856012601459ebr10068449CaPaEBRm u cr cn|||||||||011130s2001 dcua sb 000 0 eng c z 2001277564 z0309075955 aCaPaEBRcCaPaEBR a(OCoLC)7075303914aTK9152.2b.N38 2001eb04a621.48/3/0720732212 aNational Research Council (U.S.).bCommittee on Long-Term Research Needs for Deactivation and Decommissioning at Department of Energy Sites.10aResearch opportunities for deactivating and decommissioning Department of Energy facilitiesh[electronic resource] /cCommittee on Long-Term Research Needs for Deactivation and Decommissioning at Department of Energy Sites, Board on Radioactive Waste Management, Division on Earth and Life Studies, National Research Council.30aDeactivating and decommissioning Department of Energy facilities aWashington, D.C. :bNational Academy Press,cc2001. axi, 136 p. :bill.1 aThe compass series aIncludes bibliographical references (p. 117-119). aElectronic reproduction.bPalo Alto, Calif. :cebrary,d2013.nAvailable via World Wide Web.nAccess may be limited to ebrary affiliated libraries.20aLong-Term Research Needs for Deactivation and Decommissioning at Department of Energy Sites (Project : U.S.) 0aNuclear facilitiesxDecommissioningxResearchzUnited States. 0aRadioactive waste sitesxCleanupxResearchzUnited States. 0aHazardous waste site remediationxResearchzUnited States. 7aElectronic books.2local2 aebrary, Inc. 0aCompass series (Washington, D.C.)40uhttp://site.ebrary.com/lib/rucke/Doc?id=10068449zAn electronic book accessible through the World Wide Web; click to view